000 00270nam a2200097Ia 4500
008 230508s2006 xx 000 0 und d
041 _aeng
100 _aLAL JAGDISH
245 _aFLUID MECHANICS AND HYDRAULICS WITH COMPUTER APP.
260 _bMETROPOLTIAN BOOK
_c2006
_g2006
999 _c339245
_d339245